00595nam a2200169 i 450000100060000000300090000600500170001500700030003200800410003510000260007624500650010226000670016730000210023485200320025599900170028795201210030435936ES-MaACL20230906155241.0t|030214s1939 gw ||||1| ger d1 aBroeger, Karl.93186510aBunker 17 geschichte einer kamerades chaft / cKarl Broeger. aJena : bDiederichs, c[1939] (eLeipzig : fDreich de Spamer) a86 p. ; c18 cm. aES-MaACLjF-15619 bR.19196 c35936d35936 00104070aATENEOMbATENEOMcSPP2d2008-01-17eSCl0oF-15619p1037671r2023-02-23 00:00:00w2023-02-23yMONOGRAFIA